| 000 | 00640nam a2200205Ia 4500 | ||
|---|---|---|---|
| 001 | 4236 | ||
| 003 | GE_BSU | ||
| 008 | 181216s||||||||xx |||||||||||||| ||und|| | ||
| 040 | _cGE_BSU | ||
| 080 | _a621.643(075) | ||
| 100 | _aАхметов,Р.М. Матвиенко,Ю.В. Ливанов,А.В. | ||
| 245 | _aДиспетчеризация и учет на нефтепроводах. | ||
| 245 | _cред. В.А. Куликова. | ||
| 260 | _aМ. | ||
| 260 | _bНедра. | ||
| 260 | _c1976. | ||
| 300 | _a351стр. 20 см. | ||
| 653 | _aДиспетчеризация и учет на нефтепроводах. | ||
| 942 | _cBK | ||
| 999 |
_c38246 _d38246 |
||